<?xml version="1.0" encoding="UTF-8"?>
<record
    xmlns:xsi="http://www.w3.org/2001/XMLSchema-instance"
    xsi:schemaLocation="http://www.loc.gov/MARC21/slim http://www.loc.gov/standards/marcxml/schema/MARC21slim.xsd"
    xmlns="http://www.loc.gov/MARC21/slim">

  <leader>00625nam a22001697a 4500</leader>
  <controlfield tag="003">SGT</controlfield>
  <datafield tag="020" ind1=" " ind2=" ">
    <subfield code="a">9788121904667</subfield>
  </datafield>
  <datafield tag="082" ind1=" " ind2=" ">
    <subfield code="a">530,ARO</subfield>
  </datafield>
  <datafield tag="100" ind1=" " ind2=" ">
    <subfield code="a">ARORA,C.L</subfield>
  </datafield>
  <datafield tag="245" ind1=" " ind2=" ">
    <subfield code="a">REFRESHER COURSE IN PHYSICS VOL 2ND &amp; 3RD</subfield>
    <subfield code="b">FOR B.SC (PASS/HONS.) OF ALL INDIAN UNIVERSITIES</subfield>
  </datafield>
  <datafield tag="250" ind1=" " ind2=" ">
    <subfield code="a">19TH</subfield>
  </datafield>
  <datafield tag="260" ind1=" " ind2=" ">
    <subfield code="a">NEW DELHI</subfield>
    <subfield code="b">S.CHAND</subfield>
    <subfield code="c">2014</subfield>
  </datafield>
  <datafield tag="300" ind1=" " ind2=" ">
    <subfield code="a">495</subfield>
  </datafield>
  <datafield tag="650" ind1=" " ind2=" ">
    <subfield code="a">PHYSICS</subfield>
  </datafield>
  <datafield tag="653" ind1=" " ind2=" ">
    <subfield code="a">VOL 2ND Heat, Thermodynamics And Statistical Physics Section-2: Optics And Laser Section3: Quantum Physics .. VOL-3RD Section-I: Solid State Physics| Section-Ii Electronics | Section-Iii: Nuclear And Particle Physics</subfield>
  </datafield>
  <datafield tag="942" ind1=" " ind2=" ">
    <subfield code="2">ddc</subfield>
    <subfield code="c">FPS</subfield>
    <subfield code="0">11</subfield>
  </datafield>
  <datafield tag="952" ind1=" " ind2=" ">
    <subfield code="0">0</subfield>
    <subfield code="1">0</subfield>
    <subfield code="2">ddc</subfield>
    <subfield code="4">0</subfield>
    <subfield code="7">0</subfield>
    <subfield code="8">FS</subfield>
    <subfield code="a">SSSL</subfield>
    <subfield code="b">SSSL</subfield>
    <subfield code="c">DISPLAY</subfield>
    <subfield code="d">2016-06-29</subfield>
    <subfield code="e">SPARSH BOOK</subfield>
    <subfield code="g">595.00</subfield>
    <subfield code="h">2</subfield>
    <subfield code="i">SGTU</subfield>
    <subfield code="l">14</subfield>
    <subfield code="o">530,ARO</subfield>
    <subfield code="p">PS552</subfield>
    <subfield code="r">2024-10-09 00:00:00</subfield>
    <subfield code="s">2024-10-09</subfield>
    <subfield code="w">2014-11-25</subfield>
    <subfield code="y">FPS</subfield>
    <subfield code="k">1291</subfield>
  </datafield>
  <datafield tag="952" ind1=" " ind2=" ">
    <subfield code="0">0</subfield>
    <subfield code="1">0</subfield>
    <subfield code="2">ddc</subfield>
    <subfield code="4">0</subfield>
    <subfield code="7">0</subfield>
    <subfield code="8">FS</subfield>
    <subfield code="a">SSSL</subfield>
    <subfield code="b">SSSL</subfield>
    <subfield code="c">DISPLAY</subfield>
    <subfield code="d">2016-06-29</subfield>
    <subfield code="e">SPARSH BOOK</subfield>
    <subfield code="g">595.00</subfield>
    <subfield code="h">2</subfield>
    <subfield code="i">SGTU</subfield>
    <subfield code="l">19</subfield>
    <subfield code="o">530,ARO</subfield>
    <subfield code="p">PS553</subfield>
    <subfield code="r">2024-12-03 00:00:00</subfield>
    <subfield code="s">2024-12-03</subfield>
    <subfield code="w">2014-11-25</subfield>
    <subfield code="y">FPS</subfield>
    <subfield code="k">1291</subfield>
  </datafield>
  <datafield tag="952" ind1=" " ind2=" ">
    <subfield code="0">0</subfield>
    <subfield code="1">0</subfield>
    <subfield code="2">ddc</subfield>
    <subfield code="4">0</subfield>
    <subfield code="7">0</subfield>
    <subfield code="8">FS</subfield>
    <subfield code="a">SSSL</subfield>
    <subfield code="b">SSSL</subfield>
    <subfield code="c">DISPLAY</subfield>
    <subfield code="d">2016-06-29</subfield>
    <subfield code="e">SPARSH BOOK</subfield>
    <subfield code="g">500.00</subfield>
    <subfield code="h">3</subfield>
    <subfield code="i">SGTU</subfield>
    <subfield code="l">21</subfield>
    <subfield code="o">530,ARO</subfield>
    <subfield code="p">PS554</subfield>
    <subfield code="r">2026-03-23 00:00:00</subfield>
    <subfield code="s">2026-03-23</subfield>
    <subfield code="w">2014-11-25</subfield>
    <subfield code="y">FPS</subfield>
    <subfield code="k">1291</subfield>
  </datafield>
  <datafield tag="952" ind1=" " ind2=" ">
    <subfield code="0">0</subfield>
    <subfield code="1">0</subfield>
    <subfield code="2">ddc</subfield>
    <subfield code="4">0</subfield>
    <subfield code="7">0</subfield>
    <subfield code="8">FS</subfield>
    <subfield code="a">SSSL</subfield>
    <subfield code="b">SSSL</subfield>
    <subfield code="c">DISPLAY</subfield>
    <subfield code="d">2016-06-29</subfield>
    <subfield code="e">SPARSH BOOK</subfield>
    <subfield code="g">500.00</subfield>
    <subfield code="h">3</subfield>
    <subfield code="i">SGTU</subfield>
    <subfield code="l">13</subfield>
    <subfield code="o">530,ARO</subfield>
    <subfield code="p">PS555</subfield>
    <subfield code="r">2021-04-15 00:00:00</subfield>
    <subfield code="s">2021-03-31</subfield>
    <subfield code="w">2014-11-25</subfield>
    <subfield code="y">FPS</subfield>
    <subfield code="k">1291</subfield>
  </datafield>
  <datafield tag="999" ind1=" " ind2=" ">
    <subfield code="c">9320</subfield>
    <subfield code="d">9320</subfield>
  </datafield>
</record>
